<?xml version="1.0" encoding="UTF-8"?>
<record
    xmlns:xsi="http://www.w3.org/2001/XMLSchema-instance"
    xsi:schemaLocation="http://www.loc.gov/MARC21/slim http://www.loc.gov/standards/marcxml/schema/MARC21slim.xsd"
    xmlns="http://www.loc.gov/MARC21/slim">

  <leader>01139nam a2200289   4500</leader>
  <controlfield tag="001">114271</controlfield>
  <controlfield tag="003">DR-UNIBE</controlfield>
  <controlfield tag="005">20251210105521.0</controlfield>
  <controlfield tag="008">251203b2025    dr ||||| |||| 00| 1 spa d</controlfield>
  <datafield tag="020" ind1=" " ind2=" ">
    <subfield code="a">9789945296877</subfield>
  </datafield>
  <datafield tag="040" ind1=" " ind2=" ">
    <subfield code="a">BIBLIOTECA UNIBE</subfield>
    <subfield code="b">spa</subfield>
    <subfield code="c">BIBLIOTECA UNIBE</subfield>
    <subfield code="e">rda</subfield>
  </datafield>
  <datafield tag="041" ind1=" " ind2=" ">
    <subfield code="a">spa</subfield>
  </datafield>
  <datafield tag="090" ind1=" " ind2=" ">
    <subfield code="a">FBIU LI PI SA113u</subfield>
  </datafield>
  <datafield tag="100" ind1="1" ind2="0">
    <subfield code="a">Sabaris, Arlene</subfield>
    <subfield code="9">152659</subfield>
    <subfield code="e">autor</subfield>
  </datafield>
  <datafield tag="245" ind1="1" ind2="0">
    <subfield code="a">Una dulce lecci&#xF3;n /</subfield>
    <subfield code="c">Arlene Sabaris ; direcci&#xF3;n editorial: Luis Reynaldo P&#xE9;rez ; dise&#xF1;o y maquetaci&#xF3;n: Karina Ch&#xE1;vez ; ilustraciones: M&#xED;stica</subfield>
  </datafield>
  <datafield tag="250" ind1=" " ind2=" ">
    <subfield code="a">Primera edici&#xF3;n</subfield>
  </datafield>
  <datafield tag="260" ind1=" " ind2=" ">
    <subfield code="a">Santo Domingo :</subfield>
    <subfield code="b">Luna Insomne Editores,</subfield>
    <subfield code="c">2025</subfield>
  </datafield>
  <datafield tag="300" ind1=" " ind2=" ">
    <subfield code="a">15 p&#xE1;ginas :</subfield>
    <subfield code="b">ilustraciones a color :</subfield>
    <subfield code="c">20 x 8 cm</subfield>
  </datafield>
  <datafield tag="653" ind1=" " ind2="7">
    <subfield code="a">Literatura infantil dominicana</subfield>
  </datafield>
  <datafield tag="653" ind1=" " ind2="7">
    <subfield code="a">Poes&#xED;a infantil dominicana</subfield>
  </datafield>
  <datafield tag="653" ind1=" " ind2="7">
    <subfield code="a">Abejas - Poes&#xED;as infantil dominicana</subfield>
  </datafield>
  <datafield tag="653" ind1=" " ind2="7">
    <subfield code="a">Historias - Poes&#xED;as infantiles dominicanas</subfield>
  </datafield>
  <datafield tag="700" ind1="1" ind2="0">
    <subfield code="a">P&#xE9;rez , Luis Reynaldo,</subfield>
    <subfield code="d">1980-</subfield>
    <subfield code="9">39270</subfield>
    <subfield code="e">director editorial</subfield>
  </datafield>
  <datafield tag="700" ind1="1" ind2="0">
    <subfield code="a">Ch&#xE1;vez, Karina</subfield>
    <subfield code="9">152663</subfield>
    <subfield code="e">dise&#xF1;ador</subfield>
    <subfield code="e">maquetaci&#xF3;n</subfield>
  </datafield>
  <datafield tag="700" ind1="1" ind2="0">
    <subfield code="a">M&#xED;stica</subfield>
    <subfield code="q">(Gonz&#xE1;lez Uceta, Massiel)</subfield>
    <subfield code="9">152662</subfield>
    <subfield code="e">ilustrador</subfield>
  </datafield>
  <datafield tag="942" ind1=" " ind2=" ">
    <subfield code="2">ddc</subfield>
    <subfield code="c">BK</subfield>
  </datafield>
  <datafield tag="999" ind1=" " ind2=" ">
    <subfield code="c">114271</subfield>
    <subfield code="d">114271</subfield>
  </datafield>
  <datafield tag="952" ind1=" " ind2=" ">
    <subfield code="0">0</subfield>
    <subfield code="1">0</subfield>
    <subfield code="2">ddc</subfield>
    <subfield code="7">1</subfield>
    <subfield code="8">FBIU</subfield>
    <subfield code="a">Principal</subfield>
    <subfield code="d">2025-10-11</subfield>
    <subfield code="l">0</subfield>
    <subfield code="o">FBIU-LI PI S113u</subfield>
    <subfield code="p">FBIU0926</subfield>
    <subfield code="r">2025-12-03 16:27:31</subfield>
    <subfield code="t">Ej. 1</subfield>
    <subfield code="w">2025-12-03</subfield>
    <subfield code="y">BK-RES</subfield>
  </datafield>
</record>
